000 nam a22 a 4500
999 _c4381
_d4381
003 AKMAL
005 20170529141719.0
008 170529s2009 my | e l 000 0 may d
020 _a9789678920186 (kkt.)
082 0 4 _a342.595 MAL
_222
090 0 0 _a342.595
_bMAL
110 1 _aMalaysia
_9400
245 1 0 _aPerlembagaan persekutuan :
_b(hingga 10hb Jun 2009) /
_cdisusun oleh: Lembaga Penyelidikan Undang-Undang
260 _aPetaling Jaya :
_bInternational Law Book Services,
_c2009
300 _axii, 170ms. ;
_c24cm.
490 1 _aUndang-undang Malaysia
650 1 0 _aConstitutional law
_zMalaysia
_9437
710 2 _aLembaga Penyelidikan Undang-Undang
_98543
830 0 _aUNDANG-UNDANG MALAYSIA
_98544
942 _2ddc
_cBOOK